| 000 | 00523nam a22001697a 4500 | ||
|---|---|---|---|
| 003 | NUST | ||
| 005 | 20260305114949.0 | ||
| 008 | 260305b ||||| |||| 00| 0 eng d | ||
| 020 | _a 978-9811656583 | ||
| 082 |
_a384.3 _bZHE |
||
| 100 |
_a Zheng Yang, Kun Qian, Chenshu Wu, & Yi Zhang. _9133576 |
||
| 245 |
_aSmart Wireless Sensing: From IoT to AIoT / _c Zheng Yang, Kun Qian, Chenshu Wu & Yi Zhang. |
||
| 260 |
_aSingapore: _bSpringer, _c2021. |
||
| 300 |
_a233 p ; _c35.5 cm |
||
| 563 | _aHardcover | ||
| 942 |
_2ddc _cBK |
||
| 999 |
_c616517 _d616517 |
||